ՀՀ Գիտությունների ազգային ակադեմիայի հիմնարար գիտական գրադարան  =   Fundamental Scientific Library of NAS RA

Գիտական շարժում: (Record no. 172326)

MARC details
000 -LEADER
fixed length control field 00982nas a2200277 a 4500
001 - CONTROL NUMBER
control field 000471207
003 - CONTROL NUMBER IDENTIFIER
control field AM-YEHGA
005 - DATE AND TIME OF LATEST TRANSACTION
control field 20250805111843.0
008 - FIXED-LENGTH DATA ELEMENTS--GENERAL INFORMATION
fixed length control field 060118d18851887tu mrzp 0 0arm d
040 ## - CATALOGING SOURCE
Original cataloging agency AM-YEHGA
041 0# - LANGUAGE CODE
Language code of text/sound track or separate title arm
222 #0 - KEY TITLE
Key title Գիտական շարժում
245 00 - TITLE STATEMENT
Title Գիտական շարժում:
Remainder of title Հանդէս ամսեայ /
Statement of responsibility, etc. Տնօրէն-խմբագրապետ՝ Ն. Տաղաւարեան.
260 ## - PUBLICATION, DISTRIBUTION, ETC.
Place of publication, distribution, etc. Կ.Պոլիս:
Name of publisher, distributor, etc. տպ. Նշան Կ. Պէրպէրեան,
Date of publication, distribution, etc. 1885-1887.
300 ## - PHYSICAL DESCRIPTION
Extent համար.
310 ## - CURRENT PUBLICATION FREQUENCY
Current publication frequency Ամենամսյա
362 0# - DATES OF PUBLICATION AND/OR SEQUENTIAL DESIGNATION
Dates of publication and/or sequential designation 1885-
500 ## - GENERAL NOTE
General note Հաճախականությունն անհայտ է:
546 ## - LANGUAGE NOTE
Language note Բնագիրը՝ հայերեն
650 14 - SUBJECT ADDED ENTRY--TOPICAL TERM
Topical term or geographic name entry element Գիտական մամուլ
Chronological subdivision XIXդ.
Form subdivision Պարբերականներ
651 #4 - SUBJECT ADDED ENTRY--GEOGRAPHIC NAME
Geographic name Ստամբուլ
9 (RLIN) 5934
651 #4 - SUBJECT ADDED ENTRY--GEOGRAPHIC NAME
Geographic name Թուրքիա
655 #4 - INDEX TERM--GENRE/FORM
Genre/form data or focus term Ամսագիր
700 1# - ADDED ENTRY--PERSONAL NAME
Personal name Տաղաւարեան, Ն.,
Relator term տնօրէն -խմբագրապետ
942 ## - ADDED ENTRY ELEMENTS (KOHA)
Source of classification or shelving scheme Universal Decimal Classification
Koha item type Շարունակական պաշար / Continuing Resource
Holdings
Withdrawn status Lost status Damaged status Not for loan Collection Home library Current library Date acquired Serial enumeration / chronology Inventory number Total checkouts Full call number Barcode Date last seen Price effective from Koha item type Public note Source of classification or shelving scheme
        General Fundamental Scientific Library Fundamental Scientific Library 28/12/2016 1886, № 7-13 АЖ 91   АЖ 91 50-80777 28/12/2016 28/12/2016 Շարունակական պաշար / Continuing Resource 30 Days Loan  
        General Fundamental Scientific Library Fundamental Scientific Library 28/12/2016 1887, № 1-12 АЖ 91   АЖ 91 50-80778 28/12/2016 28/12/2016 Շարունակական պաշար / Continuing Resource 30 Days Loan  
        Pogharian Individual Collection Fundamental Scientific Library Fundamental Scientific Library 28/12/2016 1887, № 1-12     Պող/321 FL0309692 28/12/2016 28/12/2016 Շարունակական պաշար / Continuing Resource ILL Non-Circ. Universal Decimal Classification
        Pogharian Individual Collection Fundamental Scientific Library Fundamental Scientific Library 28/12/2016 1885, № 1-7, 1886     Պող/355 FL0313277 28/12/2016 28/12/2016 Շարունակական պաշար / Continuing Resource ILL Non-Circ. Universal Decimal Classification
          Fundamental Scientific Library Fundamental Scientific Library 29/05/2019 1930, № 1     Ալպ/1868 FL0580111 29/05/2019 29/05/2019 Շարունակական պաշար / Continuing Resource ILL Non-Circ Universal Decimal Classification
        Zhamkochyan Individual collection Fundamental Scientific Library Fundamental Scientific Library 28/07/2025 1886, Բ տարի, Թիւ 7-13, 1887, Գ տարի, Թիւ 1-12     Ժամ/1094 FL0693107 28/07/2025 28/07/2025 Շարունակական պաշար / Continuing Resource ILL Non-Circ Universal Decimal Classification


ՀՀ ԳԱԱ հիմնարար գիտական գրադարան
ՀՀ,Երևան 0019
Մարշալ Բաղրամյան 24/6
հեռախոս:(374-10) 52-47-50
Հետադարձ կապ

All site content, except where otherwise noted, is licensed under a
Creative Commons License